Statistics for U.S. Metro Areas That Border Canada

Click here to take the quiz!

General Stats

  • This quiz has been taken 81 times
  • The average score is 8 of 12

Answer Stats

PopulationStateCity% Correct
4,319,629MichiganDetroit
97%
1,127,983New YorkBuffalo
92%
2,048,449OhioCleveland
89%
269,728PennsylvaniaErie
83%
641,816OhioToledo
79%
288,732MinnesotaDuluth
76%
220,441VermontBurlington
72%
1,069,644New YorkRochester
72%
568,521WashingtonSpokane
62%
229,247WashingtonBellingham
51%
109,834New YorkWatertown
27%
150,500MichiganMonroe
21%

Score Distribution

Percentile by Number Answered

Percent of People with Each Score

Your Score History

You have not taken this quiz